Cognitive psychology: a student's handbook
Salvato in:
| Autori principali: | , |
|---|---|
| Natura: | Libro |
| Lingua: | inglese |
| Pubblicazione: |
Hillsdale, USA.
Lawrence Erlbaum Associates,
1995
|
| Edizione: | 3a. ed |
| Soggetti: | |
| Tags: |
Aggiungi Tag
Nessun Tag, puoi essere il primo ad aggiungerne!!
|
MARC
| LEADER | 00000nam a2200000 a 4500 | ||
|---|---|---|---|
| 001 | UCZ6213 | ||
| 003 | CL-VaPUC | ||
| 005 | 20211001074555.0 | ||
| 008 | 951205e19950000US |||||||||||||||||eng|d | ||
| 999 | |c 242453 |d 242451 | ||
| 040 | |c Pontificia Universidad Católica de Valparaíso | ||
| 082 | 0 | 4 | |a 153 EYS 1995 |2 21 |
| 100 | 0 | |a Eysenck, Michael W |e author |9 350446 | |
| 245 | 1 | 0 | |a Cognitive psychology: a student's handbook |
| 250 | |a 3a. ed | ||
| 260 | |a Hillsdale, USA. |b Lawrence Erlbaum Associates, |c 1995 | ||
| 300 | |a 542 páginas | ||
| 583 | |a last modification |c 20130411 10:43:19 |k Rodrigo Vera | ||
| 650 | 0 | |a Psicología cognitiva |9 306250 | |
| 650 | 0 | |a Cognición |9 270347 | |
| 650 | 0 | |a Memoria |9 266549 | |
| 650 | 0 | |a Memorización |2 CL-VaPUC |9 336225 | |
| 650 | 0 | |a Amnesia |2 CL-VaPUC |9 350448 | |
| 650 | 0 | |a Procesos mentales superiores |9 330839 | |
| 650 | 0 | |a Razonamiento |9 256520 | |
| 700 | 0 | |a Keane, Mark T |e author |9 350447 | |
| 942 | |c BK |2 ddc | ||
| 945 | |d 19951205 00:00:00 |a rleighto | ||
| 952 | |0 0 |1 0 |4 0 |6 153_000000000000000_EYS_1995 |7 0 |8 A |9 255442 |a FDOPOS |b FDOPOS |d 2019-11-19 |i 3157903 |o 153 EYS 1995 |p 3157903 |r 2025-01-22 |w 2019-11-19 |y BK |k MLA | ||